000 00619nam a22001817a 4500
999 _c15762
_d15762
008 201119b ||||| |||| 00| 0 eng d
020 _a9710606247
082 _21984
_aDFil 418.407
_bV71
100 _aVillamin, Araceli M.
_942586
245 _aInnovative strategies in teaching reading/
_cAraceli M. Villamin
260 _aQuezon City:
_bPhoenix Publishing House, Inc.,
_c©1984.
300 _aiii, 213 pages;
_c21 cm.
500 _aIncludes bibliographical references.
650 _aReading.
_942587
650 _aReading teachers -- Philippines.
_942588
650 _a Reading teachers.
_942589
942 _2ddc
_cDFIL